Everything you know about science is wrong / (Record no. 5491)
[ view plain ]
| 000 -LEADER | |
|---|---|
| fixed length control field | 01781nam a22002897a 4500 |
| 001 - CONTROL NUMBER | |
| control field | 5491 |
| 003 - CONTROL NUMBER IDENTIFIER | |
| control field | FISKH |
| 005 - DATE AND TIME OF LATEST TRANSACTION | |
| control field | 20241212114531.0 |
| 008 - FIXED-LENGTH DATA ELEMENTS--GENERAL INFORMATION | |
| fixed length control field | 241212b cb ||||| |||| 00| 0 eng d |
| 020 ## - INTERNATIONAL STANDARD BOOK NUMBER | |
| International Standard Book Number | 9781849944021 |
| 040 ## - CATALOGING SOURCE | |
| Original cataloging agency | FISKH |
| Language of cataloging | eng |
| Transcribing agency | FISKH |
| Modifying agency | FISKH |
| 050 ## - LIBRARY OF CONGRESS CALL NUMBER | |
| Classification number | E98.B769 |
| 082 ## - DEWEY DECIMAL CLASSIFICATION NUMBER | |
| Classification number | 500 |
| 100 ## - MAIN ENTRY--PERSONAL NAME | |
| Personal name | Brown, Matt |
| 245 ## - TITLE STATEMENT | |
| Title | Everything you know about science is wrong / |
| Statement of responsibility, etc. | by Matt Brown |
| 260 ## - PUBLICATION, DISTRIBUTION, ETC. | |
| Place of publication, distribution, etc. | London : |
| Name of publisher, distributor, etc. | Batford ; |
| Date of publication, distribution, etc. | 2017. |
| 300 ## - PHYSICAL DESCRIPTION | |
| Extent | 175 pages : |
| Other physical details | color illustrations ; |
| Dimensions | 21 cm . |
| 490 ## - SERIES STATEMENT | |
| Series statement | Everything you know is wrong |
| 505 ## - FORMATTED CONTENTS NOTE | |
| Formatted contents note | Z <br/> |
| 520 ## - SUMMARY, ETC. | |
| Summary, etc. | "A highly entertaining, myth-busting read for anyone with even a passing interest in science. Hot on the heels of the fascinating compendium Everything You Know About London Is Wrong, this next book in the series, written by author Matt Brown in his trademark humourous style, debunks the scientific myths we all take for granted. Does nothing travel faster than the speed of light? Well, in certain circumstances, a winded tortoise can go faster. Are there actually seven colours in a rainbow? Think again. And our author merrily explains why our hair and nails don't keep growing after we die and why chemicals in our diet might not be the toxic threats we are led to believe. Covering everything from pseudoscience to phenomena of physics, scandals of space and scientific misquotes, Everything You Know About Science is Wrong shatters a range of illusions we have accepted unquestioningly since childhood and demystifies this most puzzling of subjects."--Publisher's description. |
| 521 8# - TARGET AUDIENCE NOTE | |
| Target audience note | 900 <br/> |
| Source | Lexile estimate <br/> |
| 521 8# - TARGET AUDIENCE NOTE | |
| Target audience note | Z <br/> |
| Source | Raz-Plus <br/> |
| 650 ## - SUBJECT ADDED ENTRY--TOPICAL TERM | |
| Topical term or geographic name entry element | debunking myths |
| Form subdivision | Non-fiction |
| 700 ## - ADDED ENTRY--PERSONAL NAME | |
| Personal name | Mulvanny, Sara |
| Relator term | illustrator |
| 942 ## - ADDED ENTRY ELEMENTS (KOHA) | |
| Source of classification or shelving scheme | Dewey Decimal Classification |
| Koha item type | Books |
| Suppress in OPAC | No |
| Withdrawn status | Lost status | Source of classification or shelving scheme | Damaged status | Not for loan | Collection | Home library | Current library | Shelving location | Date acquired | Total Checkouts | Full call number | Barcode | Date due | Date last seen | Date last checked out | Price effective from | Koha item type |
|---|---|---|---|---|---|---|---|---|---|---|---|---|---|---|---|---|---|
| Dewey Decimal Classification | Non-Fiction | Footprints International School Library Network Toul Tom Poung Campus | Footprints International School Library Network Toul Tom Poung Campus | TTP Secondary Non-Fiction Bookshelves | 12/12/2024 | 1 | BRO 500 E98.B769 | FISSE03181 | 04/15/2026 | 04/01/2026 | 04/01/2026 | 12/12/2024 | Books |
